|
|
|
|
| LEADER |
00000nam0a2200000 4500 |
| 001 |
326945 |
| 005 |
20231102003918.0 |
| 035 |
|
|
|a (RuTPU)RU\TPU\book\352605
|
| 090 |
|
|
|a 326945
|
| 100 |
|
|
|a 20170120d1963 km y0rusy50 ca
|
| 101 |
0 |
|
|a rus
|
| 102 |
|
|
|a RU
|
| 105 |
|
|
|a ac z 001zb
|
| 200 |
1 |
|
|a Куйбышев В. В. - выдающийся пролетарский революционер и мыслитель
|e статьи, воспоминания, документы
|f Томский государственный университет (ТГУ) ; под ред. В. С. Флерова
|
| 210 |
|
|
|a Томск
|c Томское кн. изд-во
|d 1963
|
| 215 |
|
|
|a 199 с.
|c ил.
|
| 320 |
|
|
|a Библиогр.: с. 195-196
|
| 600 |
|
1 |
|a Куйбышев
|b В. В.
|c советский государственный и партийный деятель
|f 1888-1935
|g Валериан Владимирович
|2 stltpush
|3 (RuTPU)RU\TPU\pers\12373
|9 3383
|
| 606 |
1 |
|
|a Персоналии деятелей КПСС
|x История
|2 stltpush
|3 (RuTPU)RU\TPU\subj\48642
|9 67493
|
| 610 |
1 |
|
|a государственные деятели
|
| 610 |
1 |
|
|a политические деятели
|
| 610 |
1 |
|
|a революционное движение
|
| 610 |
1 |
|
|a революционеры
|
| 610 |
1 |
|
|a персоналии
|
| 610 |
1 |
|
|a статьи
|
| 610 |
1 |
|
|a воспоминания
|
| 610 |
1 |
|
|a документы
|
| 686 |
|
|
|a Ф61(2)8
|v LBC/SL-A
|2 rubbk
|
| 702 |
|
1 |
|a Флеров
|b В. С.
|4 340
|
| 712 |
0 |
2 |
|a Томский государственный университет (ТГУ)
|2 stltpush
|3 (RuTPU)RU\TPU\col\397
|
| 801 |
|
1 |
|a RU
|b 63413507
|c 20170120
|
| 801 |
|
2 |
|a RU
|b 63413507
|c 20170125
|g RCR
|
| 942 |
|
|
|c BK
|